00515 2200193 4500001002100000005001500021008004100036020001800077035001900095041000700114082001000121090001600131100001600147245003300163250001600196260004300212300003200255650003400287INLIS00000000000113220241224112307241224||||||||| | ||| |||| || |  a979-142-253-2 0010-1224001132 aid0 a370.3 a370.3 JAN e0 aJanu Ismadi00aEnsiklopedi Anak Indonesia 1 aEd.1, Cet.1 aTanggerangbPanca Anugerah Saktic2008 axii, 52 hlm. : ilus.: 25 cm 0aEnsiklopedia anak Indonesia 1